市の名前が入る駅(関西) - Statistics

General Stats
  • This quiz has been taken 41 times
  • The average score is 244 of 337
Answer Stats
Hint Hint Answer % Correct
大津 滋賀 大津
100%
彦根 滋賀 彦根
97%
長浜 滋賀 長浜
97%
八幡 | 近江八幡 滋賀 近江八幡
97%
草津 広島 | 滋賀 草津
97%
守山 滋賀 守山
97%
野洲 滋賀 野洲
97%
米原 滋賀 米原
97%
京都 京都 京都
97%
福知山 京都 福知山
97%
小野 京都 | 兵庫 | 滋賀 | +2 others 小野
97%
大津 滋賀 大津京
94%
大津 | 泉大津 大阪 泉大津
94%
彦根 滋賀 南彦根
94%
高島 岡山 高島
94%
宇治 京都 宇治
94%
長岡京 京都 長岡京
94%
八幡 愛知 | 福岡 | 静岡 八幡
94%
京田辺 | 田辺 京都 京田辺
94%
大阪 大阪 大阪
94%
大阪 堺市
94%
大阪
94%
豊中 大阪 豊中
94%
池田 北海道 | 大阪 | 熊本 池田
94%
吹田 大阪 吹田
94%
高槻 大阪 高槻
94%
貝塚 大阪 | 福岡 貝塚
94%
守口 大阪 守口
94%
枚方 大阪 枚方市
94%
茨木 大阪 茨木
94%
八尾 大阪 八尾
94%
泉佐野 大阪 泉佐野
94%
富田林 大阪 富田林
94%
河内長野 大阪 河内長野
94%
松原 東京 | 長崎 松原
94%
箕面 大阪 箕面
94%
柏原 兵庫 | 大阪 | 滋賀 柏原
94%
門真 大阪 門真市
94%
摂津 大阪 摂津
94%
高石 大阪 高石
94%
藤井寺 大阪 藤井寺
94%
神戸 兵庫 | 愛知 | 群馬 神戸
94%
姫路 兵庫 姫路
94%
姫路 兵庫 東姫路
94%
尼崎 兵庫 尼崎
94%
明石 兵庫 西明石
94%
明石 兵庫 明石
94%
西宮 兵庫 西宮
94%
芦屋 兵庫 芦屋
94%
伊丹 兵庫 伊丹
94%
相生 兵庫 | 岐阜 相生
94%
豊岡 兵庫 | 静岡 豊岡
94%
加古川 兵庫 東加古川
94%
加古川 兵庫 加古川
94%
三木 兵庫 三木
94%
川西 大阪 | 山口 川西
94%
三田 兵庫 | 東京 三田
94%
淡路 大阪 淡路
94%
奈良 奈良 奈良
94%
大和高田 奈良 大和高田
94%
生駒 奈良 生駒
94%
和歌山 和歌山 和歌山
94%
海南 和歌山 海南
94%
橋本 京都 | 和歌山 | 神奈川 | 福岡 橋本
94%
有田 佐賀 有田
94%
御坊 和歌山 御坊
94%
新宮 和歌山 新宮
94%
岩出 和歌山 岩出
94%
栗東 滋賀 栗東
91%
綾部 京都 綾部
91%
宮津 京都 宮津
91%
亀岡 京都 亀岡
91%
木津川 大阪 木津川
91%
大阪 大阪 新大阪
91%
岸和田 大阪 岸和田
91%
寝屋川 大阪 寝屋川市
91%
西宮 兵庫 西宮北口
91%
赤穂 兵庫 播州赤穂
91%
宝塚 兵庫 宝塚
91%
高砂 兵庫 | 北海道 高砂
91%
養父 兵庫 養父
91%
奈良 奈良 近鉄奈良
91%
天理 奈良 天理
91%
橿原 奈良 橿原神宮前
91%
桜井 大阪 | 奈良 | 愛知 桜井
91%
御所 奈良 御所
91%
和歌山 和歌山 和歌山市
91%
田辺 和歌山 紀伊田辺
91%
甲賀 滋賀 甲賀
88%
高島 滋賀 近江高島
88%
舞鶴 京都 東舞鶴
88%
舞鶴 京都 西舞鶴
88%
城陽 京都 城陽
88%
大阪 | 大阪狭山 大阪 大阪狭山市
88%
川西 | 池田 兵庫 川西池田
88%
高槻 大阪 高槻市
88%
守口 大阪 守口市
88%
摂津 大阪 摂津富田
88%
交野 大阪 交野市
88%
明石 兵庫 山陽明石
88%
西脇 兵庫 西脇市
88%
朝来 和歌山 朝来
88%
香芝 奈良 香芝
88%
草津 滋賀 南草津
85%
向日 京都 向日町
85%
大阪 大阪 大阪難波
85%
岸和田 大阪 東岸和田
85%
吹田 大阪 南吹田
85%
茨木 大阪 南茨木
85%
茨木 大阪 茨木市
85%
神戸 三重 伊賀神戸
85%
神戸 兵庫 神戸三宮
85%
尼崎 兵庫 尼崎センタープール前
85%
相生 兵庫 西相生
85%
三田 兵庫 新三田
85%
大津 滋賀 びわ湖浜大津
82%
草津 群馬 長野原草津口
82%
京都 京都 京都河原町
82%
大阪 大阪 大阪城公園
82%
大阪 大阪 大阪上本町
82%
大阪 大阪 大阪梅田
82%
大阪 堺東
82%
八尾 富山 越中八尾
82%
和泉 大阪 和泉府中
82%
和泉 大阪 和泉砂川
82%
姫路 兵庫 山陽姫路
82%
伊丹 兵庫 北伊丹
82%
川西 兵庫 川西能勢口
82%
小野 山口 小野田
82%
高島 東京 高島平
79%
京都 京都 梅小路京都西
79%
向日 京都 東向日
79%
池田 徳島 阿波池田
79%
貝塚 大阪 東貝塚
79%
枚方 大阪 枚方公園
79%
八尾 大阪 近鉄八尾
79%
八尾 大阪 八尾南
79%
寝屋川 大阪 寝屋川公園
79%
和泉 大阪 和泉鳥取
79%
門真 大阪 門真南
79%
摂津 大阪 摂津市
79%
御所 奈良 近鉄御所
79%
和歌山 和歌山 和歌山大学前
79%
御坊 和歌山 西御坊
79%
田辺 大阪 田辺
79%
長浜 愛媛 伊予長浜
76%
守山 愛知 新守山
76%
高島 東京 西高島平
76%
高島 神奈川 新高島
76%
宇治 三重 宇治山田
76%
亀岡 京都 トロッコ亀岡
76%
向日 京都 西向日
76%
大阪 大阪 大阪城北詰
76%
松原 大阪 河内松原
76%
和泉 大阪 和泉中央
76%
箕面 大阪 箕面萱野
76%
芦屋 兵庫 芦屋川
76%
和歌山 和歌山 和歌山港
76%
田辺 京都 新田辺
76%
大津 熊本 肥後大津
74%
八幡 千葉 本八幡
74%
大阪 大阪 大阪天満宮
74%
摂津 兵庫 摂津本山
74%
神戸 兵庫 新神戸
74%
伊丹 兵庫 新伊丹
74%
宝塚 兵庫 宝塚南口
74%
淡路 東京 淡路町
74%
生駒 奈良 東生駒
74%
海南 徳島 阿波海南
74%
高島 東京 新高島平
71%
大阪 大阪 大阪阿部野橋
71%
箕面 大阪 箕面船場阪大前
71%
西宮 兵庫 西宮名塩
71%
橿原 奈良 橿原神宮西口
71%
田辺 大阪 南田辺
71%
田辺 大阪 西田辺
71%
淡路 大阪 JR淡路
71%
京都 京都 京都市役所前
68%
八幡 岩手 八幡平
68%
木津川 京都 木津川台
68%
八尾 富山 東八尾
68%
高砂 東京 京成高砂
68%
丹波 京都 丹波口
68%
生駒 奈良 南生駒
68%
橋本 神奈川 南橋本
68%
有田 和歌山 紀伊有田
68%
田辺 大阪 北田辺
68%
新宮 福岡 新宮中央
68%
長浜 熊本 肥後長浜
65%
富田林 大阪 富田林西口
65%
柏原 大阪 柏原南口
65%
摂津 大阪 南摂津
65%
神戸 兵庫 高速神戸
65%
神戸 兵庫 神戸空港
65%
生駒 奈良 生駒山上
65%
大津 滋賀 京阪大津京
62%
高島 神奈川 高島町
62%
亀岡 愛媛 伊予亀岡
62%
八幡 岐阜 郡上八幡
62%
大阪 大阪 大阪空港
62%
和泉 | 橋本 大阪 和泉橋本
62%
西脇 兵庫 新西脇
62%
小野 福島 小野新町
62%
桜井 埼玉 | 愛知 南桜井
62%
生駒 奈良 学研北生駒
62%
大津 滋賀 大津市役所前
59%
長浜 広島 安芸長浜
59%
守山 愛知 守山自衛隊前
59%
八幡 千葉 京成八幡
59%
豊岡 大分 豊後豊岡
59%
桜井 愛媛 伊予桜井
59%
有田 佐賀 西有田
59%
新宮 兵庫 播磨新宮
59%
八幡 京都 石清水八幡宮
56%
大阪 大阪 大阪教育大前
56%
貝塚 大阪 貝塚市役所前
56%
松原 東京 東松原
56%
和泉 東京 和泉多摩川
56%
小野 兵庫 小野町
56%
丹波 兵庫 丹波大山
56%
奈良 長野 奈良井
56%
奈良 奈良 学研奈良登美ヶ丘
56%
新宮 福岡 西鉄新宮
56%
大津 茨城 大津港
53%
大津 群馬 群馬大津
53%
大津 神奈川 京急大津
53%
八幡 群馬 群馬八幡
53%
八幡 東京 八幡山
53%
八幡 愛媛 八幡浜
53%
京丹後 京都 京丹後大宮
53%
大阪 大阪 大阪ビジネスパーク
53%
小野 宮城 陸前小野
53%
丹波 兵庫 丹波竹田
53%
御坊 和歌山 紀伊御坊
53%
大津 神奈川 新大津
50%
大津 高知 土佐大津
50%
福知山 京都 福知山市民病院口
50%
宮津 京都 近鉄宮津
50%
大阪 大阪 大阪港
50%
相生 香川 讃岐相生
50%
高砂 宮城 陸前高砂
50%
丹波 京都 丹波橋
50%
八幡 京都 | 和歌山 八幡前
47%
大東 島根 出雲大東
47%
神戸 岐阜 北神戸
47%
三木 兵庫 三木上の丸
47%
小野 山口 南小野田
47%
三田 兵庫 三田本町
47%
丹波 京都 近鉄丹波橋
47%
彦根 滋賀 彦根口
44%
松原 佐賀 虹ノ松原
44%
大東 島根 南大東
44%
相生 愛知 相生山
41%
岩出 宮城 岩出山
41%
草津 広島 草津南
38%
京都 京都 京都精華大前
38%
神戸 岐阜 広神戸
38%
小野 山口 小野田港
38%
守山 福島 磐城守山
35%
高島 山梨 波高島
35%
八幡 岩手 松尾八幡平
35%
和泉 栃木 東武和泉
35%
京都 京都 茶山・京都芸術大学
32%
八幡 長野 伊那八幡
32%
和泉 鹿児島 薩摩今和泉
32%
小野 群馬 小野上
32%
小野 群馬 小野上温泉
32%
小野 神奈川 鶴見小野
32%
大津 島根 大津町
29%
八幡 千葉 八幡宿
29%
八幡 京都 三宅八幡
29%
八幡 大阪 百舌鳥八幡
29%
福井 志比堺
29%
高砂 愛媛 高砂町
29%
有田 福井 若狭有田
29%
八幡 東京 代々木八幡
26%
八幡 京都 ケーブル八幡宮口
26%
八幡 京都 ケーブル八幡宮山上
26%
和泉 大阪 和泉大宮
26%
山形 堺田
24%
三木 三重 三木里
24%
橋本 東京 板橋本町
24%
有田 佐賀 上有田
24%
八幡 広島 備後八幡
21%
三田 広島 上三田
21%
三田 広島 中三田
21%
新宮 富山 新宮川
21%
八幡 愛知 八幡新田
18%
大阪 堺筋本町
18%
松原 長野 松原湖
18%
奈良 愛媛 見奈良
18%
宇治 高知 宇治団地前
15%
小野 大分 小野屋
15%
豊中 福岡 筑豊中間
12%
松原 福岡 舞松原
12%
田辺 高知 田辺島通
9%
八幡 鹿児島 荒田八幡
6%
泉南 福島 芦ノ牧温泉南
6%
No matching quizzes found
Score Distribution
Percent of People with Each Score
Percentile by Number Answered
Your Score History
You have not taken this quiz